Top 10 des états les moins peuplés des Etats Unis - Statistiques

Statistiques générales
  • Ce quiz a été pris 88 fois
  • Le résultat moyen est 7 sur 10
Statistiques - réponses
Place Population Réponse % Correct
4 760 000 Dakota du Nord
86%
5 890 000 Dakota du Sud
84%
8 1 090 000 Rhode island
78%
9 1 350 000 Maine
76%
7 1 080 000 Montana
76%
1 580 000 Wyoming
76%
3 730 000 Alaska
75%
2 620 000 Vermont
74%
6 990 000 Delaware
63%
10 1 380 000 New Hampshire
56%
Aucun quiz correspondant
Distribution des résultats
% des personnes avec chaque résultat
Percentile par nombre de réponses
Votre historique - résultats
Vous n’avez pas pris ce quiz